LEADER 01421nam a2200301 i 4500 001 000000188576 003 CaOOAMICUS 005 20100414000000.0 008 100414s2010 gw u000 u ger u 013 $a166791 020 $a978-3-506-72865-4 040 $aSeMil$bita 100 1 $aHenkel, Willi .$0(OLS)http://semarc/name/3472 245 10$aLima 1551-1927 /$cWilli Henkel, Josip-Ignasi Saranyana. 260 $aPaderborn [etc.] :$bFerdinand Schöningh,$c2010. 300 $aXXV, 306 p. ;$c24 cm. 490 0 $aKonziliengeschichte. Reihe A, Darstellungen 650 4$aSinodi - America Latina.$0(OLS)http://semarc/subject/1021 650 4$aSinodi - Lima - Storia - 1551-1927.$0(OLS)http://semarc/subject/35488 700 1 $aSaranyana, Josep Ignasi,$d<1941- >.$0(OLS)http://semarc/name/69071 773 0 $aHenkel, Willi $tKonzilien in Lateinamerika.$dPaderborn [etc.] : Ferdinand Schöningh, 1984.$gTeil2$w()6638 830 0$aKonziliengeschichte. Reihe A, Darstellungen.$0(OLS)http://semarc/title/28 850 $aSeMil 852 $aSeMil$W1$xVenegono$y1$mSL1.Y III 26$j139215$B139215$CSeMilBibl$Z2$F150818 $8I 961 $aSottoscrizione: Schöningh 996 $6020$a978-3-506-72865-4$9(OLS)http://semarc/number/179167 996 $6245$aLima 1551-1927$9(OLS)http://semarc/title/271397 996 $6260$aPaderborn [etc.] :$bFerdinand Schöningh$9(OLS)http://semarc/publisher/29622 LEADER 00995nam a2200193 i 4500 001 000000215534 003 CaOOAMICUS 005 20120828000000.0 008 120828s1755 xx u000 u lat u 013 $a194407 026 $aa-t. m-pe e,i- depo (3) 1755 (R) 040 $aSeMil$bita 245 10$aTomus vicesimus primus complectens Summae Theologicae primam secundae. 300 $aXXXII, 655, [1] p. 500 $aSegn. : a-d4 A-2S8. 773 0 $aTommaso : d'Aquino $tDivi Thomae Aquinatis doctoris angelici ordinis praedicatorum Opera.$bEditio altera veneta ad plurima exempla comparata, & emendata. Accedunt vita, seu elogium eius a Iacobo Echardo ..., & Bernardi Mariae De Rubeis ...$dVenetiis : Cudebat Ioseph Bettinelli, 1755-1760.$g21$w()23733 850 $aSeMil 852 $aSeMil$W1$xVenegono$y1$m2C IV 21 FA$j165954$B165954$CSeMilBibl$Z2$F176911 $8I 996 $6245$aTomus vicesimus primus complectens Summae Theologicae primam secundae$9(OLS)http://semarc/title/310260